[Event "Finland Team Ch 2012-2013"]
[Site "Helsinki FIN"]
[Date "2012.11.17"]
[Round "3"]
[White "Siikonen, Timo"]
[Black "Kokko, Esa"]
[Result "1-0"]
[Section "III Division:1"]
[Board "2"]
[WhiteTeam "Lauttasaaren Shakkikerho 2"]
[BlackTeam "Espoon Shakkikerho 2"]
[WhiteElo "1759"]
[BlackElo "1842"]

1.e4 c5 2.f4 d6 3.Nf3 Nf6 4.Bb5+ Bd7 5.Bxd7+ Nfxd7 6.Nc3 Nc6 7.O-O g6
8.d3 Bg7 9.f5 Nb6 10.Ng5 Bd4+ 11.Kh1 Bf6 12.Nd5 Nxd5 13.exd5 Ne5 14.d4
cxd4 15.Qxd4 gxf5 16.Qa4+ Qd7 17.Qxd7+ Kxd7 18.Rxf5 Rac8 19.c3 Rc5
20.Ne4 Rxd5 21.Nxf6+ exf6 22.Bh6 Ke6 23.Raf1 Ng4 24.Rxd5 Kxd5 25.Bg7
Re8 26.h3 Ne3 27.Rxf6 Nd1 28.Rxf7 Kc6 29.Bd4 h5 30.Rf5 h4 31.Rf4 Nxb2
32.Rxh4 Re1+ 33.Kh2 Ra1 34.Re4 Kd5 35.Re7 Rxa2 36.h4 Nd3 37.Kg3 a5
38.h5 Ra1 39.Bf6 Rh1 40.Bh4 Ne5 41.Rxb7 Kc4 42.Ra7 Ra1 43.h6 a4 44.h7
Ng6 45.Rg7 Nh8 46.Rg8 Rb1 47.Rxh8 1-0

[Event "Finland Team Ch 2012-2013"]
[Site "Helsinki FIN"]
[Date "2012.11.17"]
[Round "3"]
[White "Järnefelt, Wilhelm"]
[Black "Turtiainen, Kimmo"]
[Result "0-1"]
[Section "III Division:1"]
[Board "3"]
[WhiteTeam "Espoon Shakkikerho 2"]
[BlackTeam "Lauttasaaren Shakkikerho 2"]
[WhiteElo "1716"]
[BlackElo "1767"]

1.e4 e5 2.Nf3 Nc6 3.Bb5 Nf6 4.Qe2 d6 5.h3 Bd7 6.c3 Be7 7.O-O O-O 8.d3
Ne8 9.Nbd2 a6 10.Ba4 Nd4 11.Nxd4 (11.cxd4 Bxa4 12.b3 Bd7 13.dxe5) Bxa4
12.Nf5 g6 13.Nxe7+ Qxe7 14.d4? Ng7? (14...exd4 15.Re1 dxc3 {=/+})
15.dxe5 dxe5 16.b3 Bd7 17.Nf3 f6 18.Bb2 b5 19.Rac1 Ne6 20.g3 c5 21.Kh2
Rac8 22.Rfd1 Bc6 23.h4 Bb7 24.Rc2 c4 25.Rcd2 Rc7 26.Rd6 Nd4? 27.cxd4?
(27.Nxd4 Qxd6 28.Nxb5 {+/=}) Qxd6 28.dxe5 Qb6 (28...Qc6) 29.exf6
(29.Rd6) c3 30.Bc1 Qxf6 31.Bf4 Re7 32.Rd4 Ree8 (32...Qb6 33.Qc2 b4)
33.Qc2 Rc8 34.Rd7 Qc6 35.Rd4 Rfd8 36.Ne5 Qc5 37.Rxd8+ Rxd8 38.a4
(38.Ng4) b4 (38...Rd2! {-+}) 39.Nc4 a5 40.Be3 Qf8 41.Kg2 Ba6 42.Ne5 Qd6
0-1

[Event "Finland Team Ch 2012-2013"]
[Site "Helsinki FIN"]
[Date "2012.11.17"]
[Round "3"]
[White "Varjokallio, Matti"]
[Black "Mäkelä, Paavo"]
[Result "1-0"]
[Section "III Division:1"]
[Board "4"]
[WhiteTeam "Lauttasaaren Shakkikerho 2"]
[BlackTeam "Espoon Shakkikerho 2"]
[WhiteElo "1770"]
[BlackElo "1763"]

1.e4 c6 2.d4 d5 3.e5 Bf5 4.Be3 Qb6 5.b3 (5.Qc1) e6 6.Nf3 Bg4 (6...Bb4+
7.c3 Bxb1 8.cxb4 Be4 9.Nd2 $11) 7.Be2 Nd7 8.O-O c5 9.Nc3 Bxf3 10.Bxf3
Qc7 $2 11.Re1 (11.Nb5 Qa5 12.c4 a6 13.Nd6+ Bxd6 14.exd6 cxd4 15.Bxd4
$18) Rc8 12.Nb5 Qb8 13.Bxd5 $18 (13.c4 a6 14.Nd6+ Bxd6 15.exd6 $18)
(13.dxc5 Nxc5 14.Bf4 $18) a6 14.Nd6+ Bxd6 15.exd6 exd5 $2 (15...Ngf6)
16.Qg4 Kf8 17.Qxd7 cxd4 18.Bxd4 Rd8 19.Qc7 Qxc7 20.dxc7 Rc8 21.Bc5+
Ne7 22.Bxe7+ 1-0

[Event "Finland Team Ch 2012-2013"]
[Site "Helsinki FIN"]
[Date "2012.11.17"]
[Round "3"]
[White "Pitkänen, Ilkka"]
[Black "Järvinen, Seppo"]
[Result "1-0"]
[Section "III Division:1"]
[Board "5"]
[WhiteTeam "Espoon Shakkikerho 2"]
[BlackTeam "Lauttasaaren Shakkikerho 2"]
[WhiteElo "1824"]
[BlackElo "1589"]

1.e4 e5 2.Nf3 Nf6 3.d4 Nxe4 4.Bd3 d5 5.dxe5 Be7 6.O-O O-O 7.Qe2 f5
8.exf6 Nxf6 9.Bg5 Bg4 10.Nbd2 Nc6 11.Rfe1 Re8 12.c3 Qd7 13.Bb5 Bd6
(13...Ba3! 14.Bxc6 Qxc6 15.Qd3 Bxb2) 14.Qd3 Bf5 15.Qf1 Ne4 16.Nxe4
Bxe4 17.Nd4 a6 (17...Qg4) 18.Bxc6 bxc6 19.f3 Bg6 20.Rxe8+ Rxe8 21.Qxa6
c5 22.Qc6 Bf5 23.Qxd7 Bxd7 24.Nc2 Re2 25.Ne1 Rxb2 26.a4 Be5? (26...Bc8
{-/+}) 27.Nd3 Re2 28.Nxe5 Rxe5 29.Bf4 Re8 30.Bxc7 Ra8 31.a5 d4 32.cxd4
cxd4 33.Rd1 Rc8 34.Bb6 Bb5 35.Rxd4 Rc1+ 36.Kf2 1-0

[Event "Finland Team Ch 2012-2013"]
[Site "Espoo FIN"]
[Date "2012.11.17"]
[Round "3"]
[White "Heimonen, Arto"]
[Black "Lammi, Esa"]
[Result "1/2-1/2"]
[Section "III Division:2"]
[Board "1"]
[WhiteTeam "Lauttasaaren Shakkikerho 3"]
[BlackTeam "Matinkylän Shakkikerho 4"]
[WhiteElo "1648"]
[BlackElo "1881"]

1.e4 c5 2.Nf3 Nc6 3.d4 cxd4 4.Nxd4 Nf6 5.Nc3 e5 6.Ndb5 d6 7.Bg5 a6
8.Na3 d5 9.Nxd5 Bxa3 10.bxa3 Qa5+ 11.Bd2 Qd8 12.Bg5 Qa5+ 13.Bd2 Qd8
14.Bg5 1/2-1/2

[Event "Finland Team Ch 2012-2013"]
[Site "Helsinki FIN"]
[Date "2013.01.12"]
[Round "4"]
[White "Tähkävuori, Tapani"]
[Black "Ertbjerg, Per"]
[Result "1-0"]
[Section "II Division:2"]
[Board "1"]
[WhiteTeam "Shakkikerho X"]
[BlackTeam "Lauttasaaren Shakkikerho"]
[WhiteElo "2060"]
[BlackElo "2044"]

1.Nf3 Nf6 2.d4 d5 3.c4 c6 4.e3 Bf5 5.Nbd2 Nbd7 6.Be2 e6 7.b3 Bd6 8.Bb2
O-O 9.Nh4 Be4 10.O-O Re8 11.Nxe4 Nxe4 12.Nf3 Qf6 13.Qc2 Qh6 14.g3 Ndf6
(14...Nef6 15.Ne5 Rad8 16.c5 Bb8 17.b4 Qh3 18.Bf3) 15.Ne5 Rad8 16.c5
Bb8 17.b4 Qh3 18.Bf3 Ng5 19.Bg2 Qh5 20.f3 Nh3+ 21.Kh1 Nd7 22.f4 f6??
(22...f5) 23.Nxd7 Rxd7 24.Qd1 Qh6 25.Qg4 Nxf4 26.exf4 Rde7 27.Rae1 g6
28.Re2 Qg7 29.Rfe1 Qf7 30.Qf3 Kg7 31.Bh3 Bc7 32.a4 a6 33.Qd3 h5 34.b5
axb5 35.axb5 h4 36.Kg1 f5 37.Bc1 Rh8 38.Rg2 Ba5 39.Rf1 cxb5 40.Qxb5
hxg3 41.Rxg3 Bc7 42.Bg2 Qf6 43.Be3 Kf8 44.Rg5 Reh7 (44...Rxh2) 45.h3
Rh4 46.Qxb7 Bxf4? 47.Bxf4 Qxd4+ 48.Kh2 R8h7 49.Bd6+ 1-0

[Event "Finland Team Ch 2012-2013"]
[Site "Helsinki FIN"]
[Date "2013.01.12"]
[Round "4"]
[White "Kauppala, Pekka"]
[Black "Pulkkanen, Anssi-Tapio"]
[Result "1-0"]
[Section "II Division:2"]
[Board "2"]
[WhiteTeam "Lauttasaaren Shakkikerho"]
[BlackTeam "Shakkikerho X"]
[WhiteElo "2093"]
[BlackElo "1885"]

1.e4 e6 2.d4 d5 3.Nc3 Bb4 4.Bd2 Nf6 5.e5 Nfd7 6.Qg4 Bf8 7.Bg5 f6
8.Qxe6+ Qe7?? 9.Qxe7+ Bxe7 10.Nxd5 fxg5 11.Nxc7+ Kd8 12.Nxa8 Nc6
13.O-O-O b6 14.e6 Nf6 15.d5 Ne5 16.d6 1-0

[Event "Finland Team Ch 2012-2013"]
[Site "Helsinki FIN"]
[Date "2013.01.12"]
[Round "4"]
[White "Konttinen, Timo"]
[Black "Heikkinen, Jyrki"]
[Result "0-1"]
[Section "II Division:2"]
[Board "3"]
[WhiteTeam "Shakkikerho X"]
[BlackTeam "Lauttasaaren Shakkikerho"]
[WhiteElo "1904"]
[BlackElo "2038"]

1.c4 Nf6 2.g3 g6 3.Bg2 Bg7 4.e3 e5 5.Ne2 O-O 6.O-O d6 7.h3 c6 8.Kh2
Be6 9.b3 Qc7 10.Nbc3 Na6 11.d4 Rad8 12.d5 Bf5 13.e4 Bc8 14.Be3 Ne8
15.Qc1 Bd7 16.f4 f5 17.fxe5 dxe5 18.Bh6 (18.exf5) f4 19.Bxg7 fxg3
20.Nxg3 Nxg7 21.Qe3 c5 22.Qe2 Rf4 23.Rf3 g5 24.Qd2 Rdf8 (24...Bxh3!
25.Rxf4 exf4 26.Kxh3 fxg3 27.Qxg5 Rd6 28.Bf3 Rg6) 25.Raf1 Qd8 26.Nce2
Rxf3 27.Rxf3 Rxf3 28.Bxf3 Qf6 29.Qe3 b6 30.Bg4 Be8 31.Nf5 Nh5?
(31...h5 32.Nxg7 Kxg7) 32.Bxh5 Bxh5 33.Neg3 Be8 34.Qf3 Kh8 35.Nd4??
(35.Nh5 Qf8 (35...Qf7? 36.Qg3 {+-}) 36.Qg4 {+-}) Qf4 36.Qxf4 exf4 37.Ndf5
fxg3+ 38.Kxg3 h5 39.e5 Kg8 40.Nd6 Kf8 41.Nc8 Nb4 (41...h4+) 42.a3 Nc2
43.e6 Nd4 44.Nxa7 Ke7 45.Nc8+ Kd8 46.Nxb6 Kc7 47.d6+ Kxb6 0-1

[Event "Finland Team Ch 2012-2013"]
[Site "Helsinki FIN"]
[Date "2013.01.12"]
[Round "4"]
[White "Vesely, Petr"]
[Black "Kimpiharju, Tapio"]
[Result "1-0"]
[Section "II Division:2"]
[Board "4"]
[WhiteTeam "Lauttasaaren Shakkikerho"]
[BlackTeam "Shakkikerho X"]
[WhiteElo "1971"]
[BlackElo "1823"]

1.c4 d6 2.d4 Nf6 3.Nc3 g6 4.g3 Bg7 5.Bg2 O-O 6.Nf3 c5 7.O-O cxd4
8.Nxd4 Nfd7 9.b3 Nc6 10.Nxc6 bxc6 11.Bb2 Bb7 12.Qd2 f5 13.Rad1 Nf6
14.e4 fxe4 15.Nxe4 Nxe4 16.Bxe4 a5 17.Bxg7 Kxg7 18.Qc3+ Kg8 19.Rfe1
Rf7 20.Rd2 Qb6 21.Qe3 Qxe3 22.Rxe3 Rd8 23.Bg2 Kf8 24.Bh3 e5 (24...Bc8)
25.Rxe5 d5 26.f4 a4 27.b4 Re7 28.cxd5 Rxe5 29.fxe5 cxd5 30.Rf2+ Ke8
31.Rf6 d4 32.Rd6 a3 33.Be6 Be4 34.Kf2 Ke7 35.Rxd8 Kxd8 36.Ke2 Kc7
37.h4 Kc6 38.Bc4 h6 39.Kd2 Bf5 40.Kc1 (40.g4) Be4 41.b5+ Kc5 42.e6 Bf5
43.e7 Bd7 44.Bf7 g5 45.e8=Q Bxe8 46.Bxe8 gxh4 47.gxh4 1-0

[Event "Finland Team Ch 2012-2013"]
[Site "Helsinki FIN"]
[Date "2013.01.12"]
[Round "4"]
[White "Nyman, Leif"]
[Black "Joutsivuo, Timo"]
[Result "1-0"]
[Section "II Division:2"]
[Board "5"]
[WhiteTeam "Shakkikerho X"]
[BlackTeam "Lauttasaaren Shakkikerho"]
[WhiteElo "1805"]
[BlackElo "1907"]

1.d4 Nf6 2.c4 d6 3.Nc3 g6 4.e4 Bg7 5.Be2 O-O 6.Nf3 Nc6 7.d5 Nb4 8.a3
Na6 9.Qc2 c6 10.O-O Bd7 11.Be3 c5 12.h3 Rc8 13.Rab1 b6 14.Nd2 Ne8
15.f4 f5 16.Bd3 Nac7 17.Nf3 fxe4 18.Nxe4 Bf5 19.g4 Bxe4 (19...Bd7)
20.Bxe4 e6 21.dxe6 Nf6 22.f5 Nxe4 23.Qxe4 d5 24.cxd5 Qxd5 25.Nd2 Qxe4
26.Nxe4 Nd5 27.Bg5 Bd4+ 28.Kh1 Rc6 29.Bh6 Bg7 30.Bxg7 Kxg7 31.Rbd1 Nf6
32.Nxf6 Rxf6 33.Rd7+ (33.e7) Kf8 34.Rxa7? (34.e7+ Ke8 35.Re1 {+-}) Rcxe6
35.Rd1 Re7 36.Rd8+ Kf7 37.Rdd7 Rxd7 38.Rxd7+ Kg8 39.Rd5 gxf5 40.gxf5
Kg7 41.Kg2 Kh6 42.h4 Kh5 43.Kg3 Rf7 44.Kf4 Ra7 45.f6+ Kg6 46.Ke5 Kf7
47.Rd6 Ra4 48.Rxb6 Rxh4 49.Rb7+ Kf8 50.Ke6 Re4+ 51.Kd5 Rf4 52.Rxh7
Rxf6 53.Kxc5 Ke8 54.Rc7 Kd8 55.Rc6 Rf2 56.b4 Ra2 57.Ra6 Kc7 58.Ra7+
Kb8 59.Kb6 Rc2 60.Rg7 Rc8 61.a4 Ka8 62.b5 Kb8 63.Ka6 Ka8 64.b6 Rf8
65.Rc7 Kb8 66.Kb5 Rf5+ 67.Rc5 Rf1 68.a5 Rf8 69.a6 Rg8 70.b7 Rf8 71.Kb6
1-0

[Event "Finland Team Ch 2012-2013"]
[Site "Helsinki FIN"]
[Date "2013.01.12"]
[Round "4"]
[White "Piippo, Mikko"]
[Black "Kärnä, Timo"]
[Result "1-0"]
[Section "III Division:1"]
[Board "1"]
[WhiteTeam "Lauttasaaren Shakkikerho 2"]
[BlackTeam "Shakkikerho X 2"]
[WhiteElo "1779"]
[BlackElo "1814"]

1.d4 f5 2.Nf3 Nf6 3.c4 e6 4.Nc3 Be7 5.Bf4 O-O 6.Qc2 b6 7.e3 Bb7 8.Bd3
d6 9.h3 Nbd7 10.Ng5 e5 11.Ne6 Qe8 12.dxe5 dxe5 13.Bg5 Qh5 14.Be2
(14.Bxf5) Qg6 15.Nxf8 Rxf8 16.Bxf6 Nxf6 17.Rg1 Bb4 18.O-O-O Qg5 19.a3
Bxc3 20.Qxc3 f4 21.exf4 Qxf4+ 22.Qe3 Qf5 23.g4 Qe6 24.g5 (24.f4) Ne4
25.f3 Nc5 26.h4 g6 27.Rh1 Qf5 28.b4 Ne6 29.Rhf1 Nd4 30.Bd3 Qf4 31.Qxf4
Rxf4 32.Be4 Bxe4 33.fxe4 Rxh4 34.Rf6 Rxe4 35.Rdf1 Rf4 36.R1xf4 exf4
37.Kd2 Nf3 38.Ke2 Nxg5 39.Rxf4 Kg7 40.Rd4 h5 41.Rd7+ Kf6 42.Rxc7 h4
43.Kf2 Kf5 44.Kg2 Kg4 45.c5 (45.Rxa7) bxc5 46.bxc5 h3+ 47.Kh1 Ne6
48.Rc8 g5 49.c6 Kg3 50.Re8 1-0

[Event "Finland Team Ch 2012-2013"]
[Site "Helsinki FIN"]
[Date "2013.01.12"]
[Round "4"]
[White "Peltonen, Jukka"]
[Black "Siikonen, Timo"]
[Result "1-0"]
[Section "III Division:1"]
[Board "2"]
[WhiteTeam "Shakkikerho X 2"]
[BlackTeam "Lauttasaaren Shakkikerho 2"]
[WhiteElo "1822"]
[BlackElo "1780"]

1.Nf3 f5 2.g3 e6 3.Bg2 Nf6 4.O-O Be7 5.b3 O-O 6.Bb2 d5 7.d4 c6 8.Nbd2
Nbd7 9.Ne5 Qe8 10.f3 Qh5 11.e3 Qh6 12.Qe2 Nxe5 13.dxe5 Nh5 14.f4 g5
15.Bf3 Ng7 16.c4 g4 17.Bg2 Qg6 18.Kf2 h5 19.a4 Rf7 20.Ba3 Bd8 21.b4 h4
22.Rh1 Nh5 23.Nb3 Rh7 24.Rag1 h3 25.Bf1 b6 26.Qb2 Bb7 27.c5 Rc8 28.Bd3
Rhc7 29.Rc1 Qe8 30.Nd4 Ng7 31.Qc2 Be7 32.Rb1 Rb8 33.Rhc1 Qc8 34.Rb2
Ba6 35.Rcb1 Bxd3 36.Qxd3 bxc5 37.bxc5 Rxb2+ 38.Rxb2 Rb7 39.Rxb7 Qxb7
40.Qb3 Qc7 41.Qb4 Kf8 42.a5 Qc8 43.Qa4 Ke8 44.Qxc6+ Kd8 45.Qxc8+ Kxc8
46.Nc6 Bf8 47.a6 Ne8 48.Nxa7+ Kb8 49.Nb5 Be7 50.a7+ Ka8 51.Ke2 Bh4
52.Kf2 Bd8 53.c6 Bb6 54.Bd6 Bxa7 55.c7 1-0

[Event "Finland Team Ch 2012-2013"]
[Site "Helsinki FIN"]
[Date "2013.01.12"]
[Round "4"]
[White "Saksinen, Raineri"]
[Black "Turtiainen, Kimmo"]
[Result "1/2-1/2"]
[Section "III Division:1"]
[Board "4"]
[WhiteTeam "Shakkikerho X 2"]
[BlackTeam "Lauttasaaren Shakkikerho 2"]
[WhiteElo "1625"]
[BlackElo "1782"]

1.e4 e5 2.Nf3 Nc6 3.d4 exd4 4.Nxd4 Bc5 5.Be3 Qf6 6.c3 d6 7.Be2 Qg6
8.Bf3 Ne5 9.O-O Bxd4 10.cxd4 Nxf3+ 11.Qxf3 Nf6 12.Nc3 Bg4 13.Qf4 h6
14.e5 Nh5 15.Qe4 Qxe4 16.Nxe4 d5 17.Nc3 Be6 18.f4 f5 19.Rac1 c6 20.Na4
Rd8 21.Nc5 Bc8 22.Nd3 Rd7 23.Bd2 O-O 24.Bb4 Re8 25.Bd6 g6 26.Rf3 Ng7
27.Nc5 Rf7 28.b4 b6 29.Nb3 Bd7 30.a4 Ne6 31.g3 g5 32.Kg2 Rg7 33.fxg5
Nxg5 34.Rf4 Ne4 35.a5 Nxd6 36.exd6 Rg6 37.axb6 axb6 38.Kf3 Rge6 39.Rc3
Rxd6 40.Nc1 Kg7 41.Nd3 Re4 42.Ne5 Be8 43.h3 Rf6 44.Ra3 h5 45.Ra7+ Kh6
46.Re7 Bg6 47.Rc7 Be8 1/2-1/2

[Event "Finland Team Ch 2012-2013"]
[Site "Helsinki FIN"]
[Date "2013.01.12"]
[Round "4"]
[White "Heimonen, Arto"]
[Black "Hella, Olli"]
[Result "1/2-1/2"]
[Section "III Division:1"]
[Board "5"]
[WhiteTeam "Lauttasaaren Shakkikerho 2"]
[BlackTeam "Shakkikerho X 2"]
[WhiteElo "1661"]
[BlackElo "1616"]

1.e4 c5 2.Nf3 Nc6 3.d4 cxd4 4.Nxd4 e5 5.Nb5 a6 6.Nd6+ Bxd6 7.Qxd6 Qf6
8.Qd1 Qg6 9.Nc3 Nge7 10.Be3 d5 11.exd5 Nb4 12.Bd3 Nxd3+ 13.Qxd3 Qxd3
14.cxd3 Bf5 15.d6 Nc6 16.Ke2 O-O-O 17.Bc5 b6 18.Bxb6 Rxd6 19.Ne4 Rd5
20.a4 Nd4+ 21.Bxd4 Bxe4 22.Rhc1+ Kb7 23.dxe4 Rxd4 24.f3 Rhd8 25.Rd1 a5
26.Rxd4 Rxd4 27.b3 Rb4 28.Rb1 Kc6 29.Kd3 Kd6 30.Kc3 Rd4 31.b4 Kc7
32.Rb3 Kc6 33.b5+ Kb6 34.Ra3 Kc5 35.Ra2 f6 36.Kb3 Rd3+ 37.Kc2 Rd4
38.Ra3 Kb6 39.Kc1 Rc4+ 40.Kb2 Rd4 41.Kc2 Rc4+ 42.Kd2 Rd4+ 43.Ke3 g5
44.g3 Rc4 45.h4 h6 46.h5 Kc5 1/2-1/2

[Event "Finland Team Ch 2012-2013"]
[Site "Helsinki FIN"]
[Date "2013.01.12"]
[Round "4"]
[White "Turunen, Tiina"]
[Black "Henttonen, Tero"]
[Result "0-1"]
[Section "III Division:2"]
[Board "1"]
[WhiteTeam "Etelä-Vantaan Shakki 4"]
[BlackTeam "Lauttasaaren Shakkikerho 3"]
[WhiteElo "1620"]
[BlackElo "1545"]

1.d4 d5 2.c4 c6 3.Bf4 Nf6 4.e3 g6 5.Nc3 Bg7 6.Nf3 Bg4 7.h3 Bf5 8.Bd3
Bxd3 9.Qxd3 dxc4 10.Qxc4 O-O 11.O-O Nd5 12.Bh2 e6 13.Rfd1 Nd7 14.e4
N5b6 15.Qb3 Qe7 16.a4 Nf6 17.a5 Nc8 18.Ne5 (18.d5) Nd6 19.f3 (19.a6)
Rfc8 20.Nd3 Nd7 21.Nf2 b6 22.a6 Rd8 23.Bf4 e5 24.Be3 exd4 25.Bxd4 Bxd4
26.Rxd4 c5 (26...Nc5) 27.Rd2 Ne5 28.Nd5 Qe6 29.Qc3 Rac8 (29...Nb5)
30.b3 (30.f4! Nc6 31.Ng4 Nd4 32.Rxd4 Nb5 33.Ndf6+ Kg7 34.Rxd8 Nxc3
35.Ne8+ Qxe8 36.Rxe8 {+-}) Nb5 31.Qe3 Nd4 32.f4 Nec6 (32...Nef3+) 33.Ng4
Rxd5 34.exd5 Qxe3+ 35.Nxe3 Nxb3 36.dxc6 Nxd2 37.Rd1 Ne4 38.Nd5 Kf8
39.c7 f5 40.Rb1 (40.Nxb6) Ke8 41.Rd1 (41.Rxb6 axb6 42.a7 Kd7 43.Nxb6+
Kxc7 44.Nxc8 Kb7 {=}) b5 42.Kf1 b4 43.Ra1 b3 44.Ke2 c4 45.Ra5 c3 46.Rb5
c2 47.Rb8 Kd7 48.Nb6+ Kxc7 49.Rxc8+ Kxb6 50.Rb8+ Kxa6 51.Rxb3 c1=N+
0-1

[Event "Finland Team Ch 2012-2013"]
[Site "Helsinki FIN"]
[Date "2013.01.12"]
[Round "4"]
[White "Jalas, Aaro"]
[Black "Jere, Lindholm"]
[Result "0-1"]
[Section "III Division:2"]
[Board "2"]
[WhiteTeam "Lauttasaaren Shakkikerho 3"]
[BlackTeam "Etelä-Vantaan Shakki 4"]
[WhiteElo "1575"]
[BlackElo "1633"]

1.f4 d5 2.Nf3 c5 3.e3 Bg4 4.Bb5+ Nc6 5.h3 Bxf3 6.Bxc6+ bxc6 7.Qxf3 g6
8.O-O Bg7 9.d3 Rb8 10.c3 e6 11.e4 Ne7 12.Nd2 Qb6 13.Kh1 O-O 14.a4 a5
15.c4 d4 16.e5 Nf5 17.Ne4 Ne3 18.Bxe3 dxe3 19.Qxe3 Qxb2 20.Nxc5 {no
more moves recorded} 0-1

[Event "Finland Team Ch 2012-2013"]
[Site "Helsinki FIN"]
[Date "2013.01.12"]
[Round "4"]
[White "Stenbacka, Alexander"]
[Black "Stordell, Hannu"]
[Result "1/2-1/2"]
[Section "III Division:2"]
[Board "3"]
[WhiteTeam "Etelä-Vantaan Shakki 4"]
[BlackTeam "Lauttasaaren Shakkikerho 3"]
[WhiteElo "1506"]
[BlackElo "1633"]

1.d4 Nf6 2.c4 g6 3.Nf3 Bg7 4.Nc3 O-O 5.e4 d6 6.Be2 e5 7.dxe5 dxe5
8.Qxd8 Rxd8 9.Nxe5 Nxe4 10.Nxf7?? (10.Nxe4) Nxc3? (10...Bxc3+ {-+})
11.Nxd8 Nxe2 12.Kxe2 Bf6 13.Rd1 Kf8 14.Nxb7 Bxb7 15.Kf1 Bc6 16.Rb1 Nd7
17.b3 Nc5 18.Ba3 Be7 19.Re1 Bd6 20.Kg1 Kf7 21.Rbd1 Re8 22.Rxe8 Bxe8
23.g3 a6 24.Rd5 Ne4? (24...Bc6) 25.Bxd6 Nxd6 26.Ra5 Ke7 27.Rxa6 Bf7
28.Ra5 Kd7 29.Re5 Be6 30.Re2 Bf5 31.Kg2 Be4+ 32.f3 Bb7 33.g4 Nf7
34.Kg3 Ng5 35.Re3 Nf7 36.a3 Nd6 37.Rd3 Ke7 38.c5 Nf7 39.b4 Bc6 40.h4
h6 41.f4 Ke6 42.Re3+ Kd7 43.Rb3 (43.f5) Bb5 44.Rb2 Ke6 45.Rd2 Bc6
46.Kf2 h5 47.g5 Kf5 48.Kg3 1/2-1/2 (48.Kg3 Bb5 49.Rd1 Ke6 50.Re1+ Kd7
51.f5 {+-})

[Event "Finland Team Ch 2012-2013"]
[Site "Helsinki FIN"]
[Date "2013.01.12"]
[Round "4"]
[White "Kauppinen, Janne"]
[Black "Waltzer, Kirsi"]
[Result "0-1"]
[Section "III Division:2"]
[Board "4"]
[WhiteTeam "Lauttasaaren Shakkikerho 3"]
[BlackTeam "Etelä-Vantaan Shakki 4"]
[WhiteElo "1431"]
[BlackElo "1406"]

1.c4 e5 2.Nc3 c6 3.e4 Bc5 4.a3 Nf6 5.h3 d6 6.b4 Bd4 7.Qc2 d5 8.exd5
cxd5 9.Bb2 O-O 10.Nf3 Re8 11.Be2 dxc4 12.Bxc4 Bxf2+?! 13.Kxf2 Qb6??
(13...e4) 14.Kf1 h6 15.Re1 Nc6 16.Na4 Qc7 17.Qb3 Bf5 18.Nc3 Nd4
19.Nxd4 (19.Nb5) exd4 20.Rxe8+ Nxe8 21.Ne2 Nd6 22.d3 b5 23.Bd5 Re8
24.Bxd4 Qe7 25.Qd1 Qg5 26.Bxa7 Bg6 27.Bf3 Nf5 28.Bf2 Ne3 29.Bxe3 Qxe3
30.Nc1?? (30.Qc1 {+-}) Rc8 31.Nb3 Bxd3+ 32.Be2 Bc2 (32...Bxe2+! {-+})
33.Qd2 Qxb3 34.Kf2 Qxa3 35.Bxb5 (35.Rc1) Qa7+ 36.Ke2 (36.Qe3) Qb6
37.Qd7 Rd8 38.Qc6 Qd4?? (38...Bd3+ {-+}) 39.Qxc2 Qe5+ 40.Kf3 Qxb5
41.Qc5?? (41.Re1 {=/+}) Qd3+ 42.Kf2 Qd2+ 43.Kf3 Rd3+ 44.Ke4 Qe2+ 45.Kf4
g5+ 46.Kf5 Qe6# 0-1

[Event "Finland Team Ch 2012-2013"]
[Site "Helsinki FIN"]
[Date "2013.01.12"]
[Round "4"]
[White "Haverinen, Jarmo"]
[Black "Mäntsälä, Juha"]
[Result "1-0"]
[Section "III Division:2"]
[Board "5"]
[WhiteTeam "Etelä-Vantaan Shakki 4"]
[BlackTeam "Lauttasaaren Shakkikerho 3"]
[WhiteElo "1152"]
[BlackElo "1544"]

1.d4 d5 2.e3 Bf5 3.c4 Nf6 4.Nc3 c6 5.Nf3 Nbd7 6.Be2 h6 7.O-O Be6
8.cxd5 cxd5 9.Qb3 b6 10.Bb5 a6 11.Bxd7+ Bxd7 12.Nxd5 Be6 13.Nxf6+ exf6
14.Qd3 b5 15.Rd1 Be7?? (15...Bd6) 16.d5 Bd7 17.Qe4? (17.d6 Bf8 18.Qe4+
Be6?? 19.d7+ Ke7 20.Qb4#) f5 18.Qe5 O-O 19.d6 Bf6 20.Qd5 Be6 21.Qd2
Re8 22.Rb1? Bd7? (22...Bxa2) 23.b3 a5 24.Bb2 g6 (24...Re6) 25.Bxf6
Qxf6 26.Rbc1 a4 27.bxa4 Rxa4 28.Rc7 Be6 29.d7 Rd8 30.Rc8 Rxc8
31.dxc8=Q+ Bxc8 32.Qd8+ Qxd8 33.Rxd8+ Kg7 34.Rxc8 Rxa2 35.g3 b4 36.Rb8
Rb2 37.Nd4 Rb1+ 38.Kg2 g5 39.Nxf5+ Kf6 40.Nxh6 b3 41.Rb7 Ke5 42.Nxf7+
Kf5 43.Rb5+ Ke4 44.Nxg5+ Kd3 45.h4 Kc4 46.Rb8 b2 47.Ne4 Kd3 48.Nc5+
Kc2 49.Na4 Kc1 50.Nxb2 Kc2 51.h5 Ra1 52.h6 Ra7 53.g4 Kc3 54.g5 Rh7
55.f4 Kd2 56.e4 Ke3 57.Re8 Kxf4 58.g6 Rxh6 59.Nd3+ Kg5 60.Ne5 Kf6
61.Ng4+ Kxg6 62.Nxh6 Kxh6 63.Rg8 Kh7 64.Rg3 Kh6 1-0

[Event "Finland Team Ch 2012-2013"]
[Site "Helsinki FIN"]
[Date "2013.02.09"]
[Round "5"]
[White "Nappu, Maxim"]
[Black "Siikonen, Timo"]
[Result "0-1"]
[Section "III Division:1"]
[Board "2"]
[WhiteTeam "Shakkikerho Intellekt"]
[BlackTeam "Lauttasaaren Shakkikerho 2"]
[WhiteElo "1594"]
[BlackElo "1765"]

1.e4 e6 2.d4 d5 3.e5 c5 4.c3 Nc6 5.Nf3 Qb6 6.a3 a5 7.Bd3 Bd7 8.Bc2
cxd4 9.cxd4 f6 10.exf6 Nxf6 11.O-O Bd6 12.Nc3 O-O 13.Re1 Rae8 14.Bg5
Bc8? 15.Qd3 g6? 16.Bh6? (16.Bxf6 {+-}) Rf7 17.Ng5 Rfe7? (17...Qxd4)
18.Nf3? (18.Nxh7! Nxh7 19.Nxd5 {+-}) Bb8 19.Qb5 Qc7 20.Bg5 Rf8 21.Bh6?
Rff7? (21...Nxd4 {-+}) 22.g3?? Ng4 23.Bf4 Rxf4 24.gxf4 Qxf4 0-1

[Event "Finland Team Ch 2012-2013"]
[Site "Helsinki FIN"]
[Date "2013.02.09"]
[Round "5"]
[White "Varjokallio, Matti"]
[Black "Jääskeläinen, Aleksandr"]
[Result "1-0"]
[Section "III Division:1"]
[Board "3"]
[WhiteTeam "Lauttasaaren Shakkikerho 2"]
[BlackTeam "Shakkikerho Intellekt"]
[WhiteElo "1787"]
[BlackElo "1420"]

1.e4 e6 2.d4 b6 3.Nc3 Bb7 4.f4 Bb4 5.Bd3 Nf6 6.Qe2 Nc6 7.Nf3 d5 8.e5
Nd7 (8...Ne4 9.Bxe4 dxe4 10.Qxe4 $11) 9.O-O O-O $2 10.Be3 (10.Bxh7+
$18) f6 11.Qe1 f5 12.Ng5 Qe8 13.Qh4 h6 14.Nf3 Qg6 15.Qh3 Nd8 16.Nh4
Qf7 17.Ne2 (17.Nb5) Be7 18.Nf3 c5 19.c3 Nc6 20.Rf2 a6 21.g4 Qg6 22.g5
(22.Rg2) h5 23.Ng3 c4 24.Be2 b5 25.Nh4 Qh7 26.Bxh5 Rfb8 $4 27.a3
(27.Bf7+ Kxf7 28.g6+ {+-}) Nf8 28.g6 Qh6 29.Nhxf5 exf5 30.Nxf5 Qh8
31.Nxe7+ Nxe7 32.f5 Bc8 33.Raf1 Nexg6 34.Qg4 (34.Qf3) Rb6 35.e6 Ne7
36.Bf7+ Kh7 37.Qh5# 1-0

[Event "Finland Team Ch 2012-2013"]
[Site "Helsinki FIN"]
[Date "2013.02.09"]
[Round "5"]
[White "Heimonen, Arto"]
[Black "Ahokas, Ville"]
[Result "1-0"]
[Section "III Division:1"]
[Board "3"]
[WhiteTeam "Lauttasaaren Shakkikerho 2"]
[BlackTeam "Shakkikerho Intellekt"]
[WhiteElo "1659"]
[BlackElo "1379"]

1.e4 e5 2.Nf3 Nc6 3.Bb5 a6 4.Ba4 Nf6 5.d3 b5 6.Bb3 Be7 7.O-O O-O 8.c3
b4 9.Bg5 h6 10.Bxf6 Bxf6 11.Nbd2 bxc3 12.bxc3 d6 13.Bd5 Bb7 14.Rb1 Ra7
15.Qa4 Qa8 16.Rxb7 Qxb7 17.Bxc6 Qb2 18.Qc4 Qb8 19.Rb1 Qc8 20.Nf1 Rd8
21.Ne3 Qe6 22.Nd5 a5 23.Qa4 Bg5 24.Nxg5 hxg5 25.Qd1 Kf8 26.Qd2 f5
27.Qxg5 Rc8 28.exf5 Qh6 29.Qe7+ Kg8 30.f6 Kh7 31.f7 Rb8 32.Rf1 1-0

[Event "Finland Team Ch 2012-2013"]
[Site "Turku FIN"]
[Date "2013.03.09"]
[Round "6"]
[White "Ertbjerg, Per"]
[Black "Järvelä, Jari"]
[Result "1-0"]
[Section "II Division"]
[Stage "Qualifier"]
[Board "1"]
[WhiteTeam "Lauttasaaren Shakkikerho"]
[BlackTeam "Turun Shakinystävät"]
[WhiteElo "2011"]
[BlackElo "2180"]

1.d4 Nf6 2.c4 e6 3.Nc3 Bb4 4.Qc2 O-O 5.Bg5 h6 6.Bh4 d5 7.e3 c5 8.dxc5
Nbd7 9.a3 Qa5 10.Rc1 Bxc3+ 11.Qxc3 Qxc5 12.cxd5 Qxd5 13.Rd1 Qh5 14.Nf3
Nd5 15.Qd4 f5 16.Be2 b6 17.Ng5 Qg6 18.Nxe6 N7f6?? 19.Nxf8 Qxg2 20.Rf1
Kxf8 21.Bxf6 Nxf6 22.Qd8+ Kf7 23.Qc7+ Kg8 24.Rd8+ Kh7 25.Rxc8 f4 1-0

[Event "Finland Team Ch 2012-2013"]
[Site "Turku FIN"]
[Date "2013.03.09"]
[Round "6"]
[White "Laato, Samuli"]
[Black "Kauppala, Pekka"]
[Result "1/2-1/2"]
[Section "II Division"]
[Stage "Qualifier"]
[Board "2"]
[WhiteTeam "Turun Shakinystävät"]
[BlackTeam "Lauttasaaren Shakkikerho"]
[WhiteElo "2084"]
[BlackElo "2109"]

1.e4 e5 2.Nf3 f5 3.Nxe5 d6?! 4.Qh5+ g6 5.Nxg6 Nf6 6.Qh4 Nc6? 7.Nxh8
Nd4 8.Na3 fxe4 9.d3 Nf5 10.Qh3 Qe7 11.Be2 Nd4 12.Qe3 Nf5 13.Qh3 Nd4
14.Bh5+ Kd8 15.Nf7+ Ke8 16.Nxd6+ Kd8 17.Nxc8 Rxc8 18.O-O Qe5 19.Bd1 b5
20.Be3 Nf5 21.dxe4 Nxe3 22.fxe3 Bxa3 23.Bg4 Nxg4 24.Qxg4 h5 25.Rad1+
{no more moves recorded} 1-0